[Event "2. Bundesliga Mitte 2010/11"]
[Site "Sauwald"]
[Date "2010.11.28"]
[Round "5"]
[Board "2"]
[White "Kreisl, Robert"]
[Black "Abel, Dennes"]
[Result "1/2-1/2"]
[WhiteElo "2376"]
[BlackElo "2394"]
[PlyCount "81"]
[EventDate "2010.10.16"]
[EventType "team"]
[EventRounds "11"]
[EventCountry "AUT"]
[WhiteTeam "SK MPOE Maria Saal"]
[BlackTeam "RbEJ Gleisdorf"]

1.Nf3 d5 2.d4 Nf6 3.c4 c6 4.Nc3 e6 5.Bg5 h6 6.Bxf6 Qxf6 7.e3 Nd7 8.Bd3 dxc4
9.Bxc4 g6 10.O-O Bg7 11.e4 O-O 12.e5 Qe7 13.Qe2 Rd8 14.Rad1 b6 15.Rfe1 Bb7
16.Ba6 Bxa6 17.Qxa6 Nf8 18.Qc4 Qd7 19.Rc1 g5 20.h3 Ng6 21.Ne4 Nf4 22.Rc2 Qd5
23.Re3 Ng6 24.Qxd5 cxd5 25.Ng3 Rac8 26.Rec3 Rxc3 27.Rxc3 f6 28.exf6 Bxf6 29.Rc7
Nf4 30.Kf1 a5 31.Ne2 Nd3 32.Rc6 Kf7 33.Rxb6 Rc8 34.Rb3 Nb4 35.a3 Nc2 36.Ne5+ Ke7
37.Rb7+ Ke8 38.Rb6 Ke7 39.Rb7+ Ke8 40.Rb6 Ke7 41.Rb7+ 1/2-1/2

[Event "2. Bundesliga Mitte 2010/11"]
[Site "Sauwald"]
[Date "2010.11.28"]
[Round "5"]
[Board "3"]
[White "Degtiarev, Evgeny"]
[Black "Schachinger, Mario"]
[Result "1-0"]
[WhiteElo "2368"]
[BlackElo "2356"]
[PlyCount "85"]
[EventDate "2010.10.16"]
[EventType "team"]
[EventRounds "11"]
[EventCountry "AUT"]
[WhiteTeam "RbEJ Gleisdorf"]
[BlackTeam "SK MPOE Maria Saal"]

1.d4 d5 2.c4 c6 3.Nf3 Nf6 4.Nc3 dxc4 5.a4 Bf5 6.Ne5 Nbd7 7.Nxc4 Qc7 8.Qd2 g6
9.f3 e5 10.e4 exd4 11.Ne2 Be6 12.Nxd4 Bxc4 13.Bxc4 Ne5 14.Be2 O-O-O 15.Qc3 Bg7
16.Be3 Neg4 17.Nxc6 Nxe3 18.Nxd8 Nc2+ 19.Kd1 Qxc3 20.bxc3 Nxa1 21.Nxf7 Rf8
22.Bc4 Ng8 23.Ke2 Bxc3 24.Rc1 Bg7 25.Ng5 Bb2 26.Rb1 Bh8 27.Nf7 Bf6 28.e5 Nc2
29.exf6 Nd4+ 30.Kd3 Nc6 31.Nd6+ Kc7 32.Nb5+ Kb8 33.Bxg8 Rxg8 34.g4 h6 35.f4 Rd8+
36.Ke3 a6 37.Nc3 Re8+ 38.Ne4 Nd8 39.Rd1 Ne6 40.Rd5 g5 41.Re5 gxf4+ 42.Kf2 f3
43.Nd6 1-0

[Event "2. Bundesliga Mitte 2010/11"]
[Site "Sauwald"]
[Date "2010.11.28"]
[Round "5"]
[Board "4"]
[White "Halvax, Georg"]
[Black "Leitner, Gerald"]
[Result "1-0"]
[WhiteElo "2269"]
[BlackElo "2215"]
[PlyCount "53"]
[EventDate "2010.10.16"]
[EventType "team"]
[EventRounds "11"]
[EventCountry "AUT"]
[WhiteTeam "SK MPOE Maria Saal"]
[BlackTeam "RbEJ Gleisdorf"]

1.e4 e5 2.Nf3 Nc6 3.Bb5 a6 4.Ba4 Nf6 5.O-O Be7 6.c3 b5 7.Bc2 d5 8.d4 dxe4 9.Nxe5
Bb7 10.Qe2 O-O 11.Nd2 Bd6 12.f4 exf3 13.Ndxf3 Nxe5 14.Nxe5 Re8 15.Bg5 Bxe5
16.dxe5 Qd5 17.Bxf6 gxf6 18.Qg4+ Kh8 19.Qh3 Qxg2+ 20.Qxg2 Bxg2 21.Kxg2 Rxe5
22.Rxf6 Rg8+ 23.Kf3 Rh5 24.Rh1 Rh3+ 25.Kf2 Rd8 26.Ke2 Re8+ 27.Kd2 1-0

[Event "2. Bundesliga Mitte 2010/11"]
[Site "Sauwald"]
[Date "2010.11.28"]
[Round "5"]
[Board "6"]
[White "Ertl, Johann"]
[Black "Knoll, Martin"]
[Result "1-0"]
[WhiteElo "2280"]
[BlackElo "2025"]
[PlyCount "54"]
[EventDate "2010.10.16"]
[EventType "team"]
[EventRounds "11"]
[EventCountry "AUT"]
[WhiteTeam "SK MPOE Maria Saal"]
[BlackTeam "RbEJ Gleisdorf"]

1.e4 c6 2.Nc3 d5 3.Nf3 dxe4 4.Nxe4 Nf6 5.Nxf6+ gxf6 6.d4 Bf5 7.Bd3 e6 8.Bf4 Bxd3
9.Qxd3 h5 10.O-O-O Bd6 11.Bg3 Bxg3 12.hxg3 Qa5 13.Kb1 Nd7 14.Rh4 O-O-O 15.Qe2
Nb6 16.Nd2 Na4 17.Nb3 Qd5 18.Qf3 Nb6 19.Rdh1 c5 20.dxc5 Qxf3 21.gxf3 Nd7 22.f4
Kc7 23.Kc1 e5 24.Rxh5 Rhg8 25.fxe5 fxe5 26.Rh7 f6 27.Rd1 Rh8 1-0

[Event "2. Bundesliga Mitte 2010/11"]
[Site "Sauwald"]
[Date "2010.11.28"]
[Round "5"]
[Board "1"]
[White "Weiss, Christian"]
[Black "Mohr, Georg"]
[Result "1-0"]
[WhiteElo "2417"]
[BlackElo "2511"]
[PlyCount "55"]
[EventDate "2010.10.16"]
[EventType "team"]
[EventRounds "11"]
[EventCountry "AUT"]
[WhiteTeam "Union Ansfelden"]
[BlackTeam "Strassenbahn Graz"]

1.Nf3 g6 2.c4 Bg7 3.Nc3 c5 4.g3 Nc6 5.Bg2 d6 6.O-O Nf6 7.a3 O-O 8.Rb1 a5 9.d3
Bd7 10.Bd2 Ne8 11.Ne1 Nc7 12.f4 Qc8 13.e3 e6 14.Ne4 Ne8 15.Bc3 f6 16.b3 Rb8
17.Nc2 b5 18.Qd2 Qa6 19.Rfd1 f5 20.Bxg7 Kxg7 21.Nc3 b4 22.axb4 Nxb4 23.Nxb4 Rxb4
24.d4 Qb6 25.Qb2 Qa7 26.Na2 Rb8 27.dxc5+ Kg8 28.Qd4 1-0

[Event "2. Bundesliga Mitte 2010/11"]
[Site "Sauwald"]
[Date "2010.11.28"]
[Round "5"]
[Board "2"]
[White "Supancic, Darko"]
[Black "Ennsberger, Ulrich"]
[Result "1/2-1/2"]
[WhiteElo "2354"]
[BlackElo "2365"]
[PlyCount "108"]
[EventDate "2010.10.16"]
[EventType "team"]
[EventRounds "11"]
[EventCountry "AUT"]
[WhiteTeam "Strassenbahn Graz"]
[BlackTeam "Union Ansfelden"]

1.Nf3 c5 2.c4 Nf6 3.d4 cxd4 4.Nxd4 e5 5.Nb5 d5 6.cxd5 Bc5 7.e3 O-O 8.N5c3 Qe7
9.Be2 e4 10.a3 a6 11.b4 Bd6 12.Bb2 Nbd7 13.Nd2 Nb6 14.Nf1 Be5 15.Ng3 h5 16.h4
Rd8 17.Qb3 Nbxd5 18.Nxd5 Rxd5 19.Bxe5 Qxe5 20.O-O Be6 21.Rad1 Rad8 22.Rxd5 Rxd5
23.Qc2 Rd8 24.Rd1 Rc8 25.Qd2 g6 26.Qd4 Qxd4 27.Rxd4 Bd5 28.f3 exf3 29.gxf3 Rc3
30.e4 Bc6 31.Rd3 Rc2 32.Kf1 Kf8 33.Ke1 Ra2 34.Rc3 Bb5 35.Bxb5 axb5 36.Ne2 Ne8
37.Nd4 Nd6 38.e5 Nf5 39.Nxf5 gxf5 40.Kf1 f4 41.Rc5 Rxa3 42.Ke2 Ke7 43.Rxb5 Ke6
44.Rxb7 Re3+ 45.Kf2 Rb3 46.Rb8 Rb2+ 47.Kf1 Kd5 48.Rd8+ Kxe5 49.Re8+ Kf5 50.Rb8
Ke5 51.Re8+ Kf5 52.Rb8 Ke5 53.Re8+ Kf5 54.Rb8 Ke5 1/2-1/2

[Event "2. Bundesliga Mitte 2010/11"]
[Site "Sauwald"]
[Date "2010.11.28"]
[Round "5"]
[Board "3"]
[White "Knoll, Hermann"]
[Black "Krebs, Johann"]
[Result "1/2-1/2"]
[WhiteElo "2382"]
[BlackElo "2234"]
[PlyCount "75"]
[EventDate "2010.10.16"]
[EventType "team"]
[EventRounds "11"]
[EventCountry "AUT"]
[WhiteTeam "Union Ansfelden"]
[BlackTeam "Strassenbahn Graz"]

1.d4 Nf6 2.Nf3 g6 3.c4 c5 4.Nc3 cxd4 5.Nxd4 Nc6 6.g3 Bg7 7.Bg2 O-O 8.O-O Nxd4
9.Qxd4 d6 10.Bg5 Be6 11.Qh4 Qa5 12.Rac1 Rfc8 13.b3 Rab8 14.Bd2 a6 15.Rfd1 Qd8
16.e4 b5 17.cxb5 axb5 18.Nd5 Ra8 19.Nb4 Rxc1 20.Rxc1 Rc8 21.Rxc8 Qxc8 22.Qg5 Qc5
23.Qxc5 dxc5 24.Nc6 Kf8 25.a4 c4 26.bxc4 bxa4 27.Bb4 Bxc4 28.Nxe7 Ke8 29.Nc8 Kd8
30.Nd6 Bb5 31.e5 Nd7 32.f4 f6 33.Bh3 fxe5 34.Ba5+ Ke7 35.Nc8+ Ke8 36.Nd6+ Ke7
37.Nc8+ Ke8 38.Nd6+ 1/2-1/2

[Event "2. Bundesliga Mitte 2010/11"]
[Site "Sauwald"]
[Date "2010.11.28"]
[Round "5"]
[Board "4"]
[White "Pesorda, Ivan"]
[Black "Felsberger, Alfred"]
[Result "1-0"]
[WhiteElo "2273"]
[BlackElo "2370"]
[PlyCount "149"]
[EventDate "2010.10.16"]
[EventType "team"]
[EventRounds "11"]
[EventCountry "AUT"]
[WhiteTeam "Strassenbahn Graz"]
[BlackTeam "Union Ansfelden"]

1.d4 Nf6 2.c4 e6 3.Nc3 Bb4 4.Qc2 d6 5.Nf3 Nc6 6.Bg5 h6 7.Bd2 O-O 8.a3 Bxc3
9.Bxc3 a5 10.e3 Re8 11.Bd3 e5 12.dxe5 dxe5 13.Nd2 Nd4 14.Qb1 a4 15.O-O Nb3
16.Nxb3 axb3 17.Rd1 Qe7 18.Rd2 Bd7 19.Qd1 Ba4 20.Rc1 Rad8 21.Bb4 c5 22.Ba5 Ra8
23.Bc3 e4 24.Be2 Ra6 25.Qf1 Re6 26.g3 Nh7 27.h4 f5 28.Qh3 Rf8 29.Rd5 g6 30.Kh2
Nf6 31.Rd2 h5 32.Bxf6 Rexf6 33.Qf1 Bc6 34.Bd1 R6f7 35.Bxb3 g5 36.Qe2 f4 37.gxf4
g4 38.Kg3 Qc7 39.Rd5 Bxd5 40.cxd5 Qd6 41.Qc2 b6 42.Qxe4 Rf6 43.a4 Kh8 44.Rc2 Qb8
45.Bc4 Re8 46.Qd3 Qd6 47.Rd2 Kg7 48.Ba2 Kh6 49.Bb1 Re7 50.Qc3 Kg7 51.Ba2 Kh6
52.Rc2 Ra7 53.Bb3 Re7 54.Rd2 Kg7 55.Bc4 Kg6 56.Re2 Kg7 57.Qd2 Ref7 58.Ba6 Rf8
59.Bb5 Kh6 60.e4 Rxf4 61.e5 Qg6 62.Bd3 Qg8 63.Re4 Qxd5 64.Rxf4 Qxe5 65.Qe3 Qd6
66.Bc4 Kg7 67.f3 gxf3 68.Kxf3 Qd1+ 69.Kg2 Qc2+ 70.Kf3 Rxf4+ 71.Qxf4 Qxb2 72.Qg5+
Kf8 73.Qd8+ Kg7 74.Qg8+ Kh6 75.Bd3 1-0

[Event "2. Bundesliga Mitte 2010/11"]
[Site "Sauwald"]
[Date "2010.11.28"]
[Round "5"]
[Board "5"]
[White "Moser, Guenter"]
[Black "Steiner, Stefan"]
[Result "1/2-1/2"]
[WhiteElo "2355"]
[BlackElo "2247"]
[PlyCount "44"]
[EventDate "2010.10.16"]
[EventType "team"]
[EventRounds "11"]
[EventCountry "AUT"]
[WhiteTeam "Union Ansfelden"]
[BlackTeam "Strassenbahn Graz"]

1.Nf3 c5 2.c4 Nf6 3.g3 b6 4.Bg2 Bb7 5.O-O e6 6.b3 Be7 7.Bb2 d6 8.Nc3 Nbd7 9.Qc2
O-O 10.Rad1 a6 11.d4 cxd4 12.Rxd4 Qc7 13.Qb1 Rfd8 14.Rfd1 Rac8 15.Ne1 Ne8
16.R4d2 Qb8 17.Bxb7 Qxb7 18.a4 Bf6 19.Ne4 Be7 20.Nc3 Bf6 21.Ne4 Be7 22.Nc3 Bf6 1/2-1/2

[Event "2. Bundesliga Mitte 2010/11"]
[Site "Sauwald"]
[Date "2010.11.28"]
[Round "5"]
[Board "6"]
[White "Schink, Barbara"]
[Black "Hellmayr, Alois"]
[Result "1-0"]
[WhiteElo "2025"]
[BlackElo "2235"]
[PlyCount "153"]
[EventDate "2010.10.16"]
[EventType "team"]
[EventRounds "11"]
[EventCountry "AUT"]
[WhiteTeam "Strassenbahn Graz"]
[BlackTeam "Union Ansfelden"]

1.e4 c5 2.Nf3 a6 3.c4 e6 4.Nc3 Qc7 5.Be2 d6 6.d4 cxd4 7.Nxd4 Nf6 8.Be3 b6 9.O-O
Bb7 10.f3 Be7 11.Rc1 O-O 12.b4 Nbd7 13.Qb3 Rac8 14.Rfd1 Rfe8 15.a3 Qb8 16.Bg5
Qa8 17.Bf1 Ne5 18.Be3 Bd8 19.Nc2 Qb8 20.Bf2 Bc7 21.Ne3 Ng6 22.h3 Ne5 23.Rd2 Kh8
24.Rcd1 Nh5 25.Ne2 Rg8 26.Qb1 Rgf8 27.a4 Kg8 28.Rb2 Qa8 29.Rbd2 Qb8 30.Rb2 Nf6
31.Nd4 Qa8 32.Rbd2 Nh5 33.Ne2 Rfe8 34.Qb3 Qb8 35.Qb1 Kh8 36.Rb2 Qa8 37.Rbd2 Qb8
38.Rb2 Nf6 39.Nd4 Nh5 40.a5 Qa8 41.b5 bxa5 42.bxa6 Bxa6 43.Nb5 Nf6 44.Nxd6 Bxd6
45.Rxd6 Ned7 46.Qa1 Bb7 47.Ra2 Qb8 48.Rd1 Nc5 49.Rb1 a4 50.Qc3 Qc7 51.Nc2 Nfd7
52.Nd4 Ra8 53.Nb5 Qc6 54.Rd1 Kg8 55.Rd6 Qc8 56.Bg3 Bc6 57.Rd1 Nxe4 58.fxe4 Bxb5
59.Qb4 Bc6 60.c5 e5 61.Bf2 Rb8 62.Qe1 Nf6 63.Bd3 Rd8 64.Bc2 Rxd1 65.Qxd1 Bxe4
66.Rxa4 Qc6 67.Bxe4 Nxe4 68.Rb4 Rf8 69.Qf3 f5 70.Qb3+ Kh8 71.Rb8 Qf6 72.c6 Nxf2
73.Kxf2 Qh4+ 74.Kg1 Qd4+ 75.Kh2 Qc5 76.Rxf8+ Qxf8 77.c7 1-0

[Event "2. Bundesliga Mitte 2010/11"]
[Site "Sauwald"]
[Date "2010.11.28"]
[Round "5"]
[Board "1"]
[White "Nemeth, Miklos"]
[Black "Rogulj, Branko"]
[Result "1/2-1/2"]
[WhiteElo "2454"]
[BlackElo "2412"]
[PlyCount "60"]
[EventDate "2010.10.16"]
[EventType "team"]
[EventRounds "11"]
[EventCountry "AUT"]
[WhiteTeam "SV Steyregg"]
[BlackTeam "UNION Styria Graz Kleine Zeitung"]

1.e4 e5 2.Nf3 Nc6 3.Bc4 Nf6 4.d3 Bc5 5.c3 O-O 6.Nbd2 a6 7.Bb3 d6 8.h3 Be6 9.O-O
h6 10.Re1 Re8 11.Nf1 d5 12.Bd2 Qd7 13.Ng3 Rad8 14.Qc1 dxe4 15.dxe4 Bxb3 16.axb3
Qe6 17.Qc2 Rd7 18.Rad1 Red8 19.Bc1 Rxd1 20.Rxd1 Rxd1+ 21.Qxd1 Bf8 22.Be3 g6
23.Kf1 Qd7 24.Qxd7 Nxd7 25.Ke2 Kg7 26.Nd2 h5 27.Kd3 f6 28.f3 Kf7 29.b4 Ke6
30.Nb3 Bd6 1/2-1/2

[Event "2. Bundesliga Mitte 2010/11"]
[Site "Sauwald"]
[Date "2010.11.28"]
[Round "5"]
[Board "2"]
[White "Danner, Georg"]
[Black "Gergacz, Attila"]
[Result "1-0"]
[WhiteElo "2422"]
[BlackElo "2425"]
[PlyCount "119"]
[EventDate "2010.10.16"]
[EventType "team"]
[EventRounds "11"]
[EventCountry "AUT"]
[WhiteTeam "UNION Styria Graz Kleine Zeitung"]
[BlackTeam "SV Steyregg"]

1.d4 Nf6 2.Nf3 g6 3.c4 Bg7 4.Nc3 O-O 5.e4 d6 6.Be2 e5 7.d5 a5 8.O-O Na6 9.Ne1
Nc5 10.f3 Nh5 11.g3 Bh3 12.Rf2 f5 13.exf5 gxf5 14.Nd3 Nxd3 15.Qxd3 f4 16.Ne4
fxg3 17.hxg3 Bf5 18.Rg2 Qe8 19.Qe3 Nf6 20.Bd3 Qg6 21.Bd2 b6 22.Re1 Rf7 23.Nf2
Bxd3 24.Qxd3 Nh5 25.f4 Raf8 26.Qxg6 hxg6 27.Nd3 exf4 28.gxf4 Bd4+ 29.Kf1 Kh7
30.Re4 Bg7 31.Ke2 Bh6 32.Re6 Rf6 33.Kd1 Rxe6 34.dxe6 Ng7 35.Rh2 Re8 36.Nf2 Nh5
37.Ng4 Bg7 38.f5 Be5 39.Nxe5 dxe5 40.Kc2 Kg7 41.Rg2 Kf6 42.Rxg6+ Kxf5 43.Rg5+
Ke4 44.Rxh5 Rxe6 45.Bc3 Kf4 46.Kd3 e4+ 47.Ke2 Rc6 48.Bd2+ Kg4 49.Rg5+ Kh4 50.b3
a4 51.Re5 axb3 52.axb3 Kg4 53.Ke3 Rd6 54.Rxe4+ Kf5 55.Re7 c5 56.Bc3 Rh6 57.Re5+
Kg4 58.Kd3 Rh3+ 59.Re3 Rh6 60.Ke4 1-0

[Event "2. Bundesliga Mitte 2010/11"]
[Site "Sauwald"]
[Date "2010.11.28"]
[Round "5"]
[Board "3"]
[White "Webersberger, Johann"]
[Black "Stagl, Marco"]
[Result "0-1"]
[WhiteElo "2368"]
[BlackElo "2112"]
[PlyCount "80"]
[EventDate "2010.10.16"]
[EventType "team"]
[EventRounds "11"]
[EventCountry "AUT"]
[WhiteTeam "SV Steyregg"]
[BlackTeam "UNION Styria Graz Kleine Zeitung"]

1.d4 Nf6 2.Nf3 g6 3.g3 d5 4.Bg2 Bg7 5.O-O O-O 6.b3 c5 7.e3 Nc6 8.Bb2 Ne4 9.Qc1
cxd4 10.Nxd4 e5 11.Nxc6 bxc6 12.Nd2 Nxd2 13.Qxd2 Qb6 14.h3 Ba6 15.Rfe1 Rad8
16.Rad1 Rfe8 17.Bc3 Rc8 18.Kh2 g5 19.f4 f6 20.Bb2 Rcd8 21.f5 Bf8 22.Bc3 Rc8
23.Ba5 Qc5 24.c4 dxc4 25.b4 Qe7 26.a4 e4 27.Qc3 Rb8 28.Bf1 Qe5 29.Qxe5 Rxe5
30.Bc7 Rxb4 31.Bxe5 fxe5 32.Rb1 Rxa4 33.Ra1 Rxa1 34.Rxa1 Bb5 35.Rc1 Ba3 36.Bxc4+
Kg7 37.Rc2 a5 38.Be6 c5 39.Rd2 Bd3 40.h4 g4 0-1

[Event "2. Bundesliga Mitte 2010/11"]
[Site "Sauwald"]
[Date "2010.11.28"]
[Round "5"]
[Board "4"]
[White "Manhardt, Thomas"]
[Black "Enoeckl, Philipp"]
[Result "1-0"]
[WhiteElo "2121"]
[BlackElo "2285"]
[PlyCount "68"]
[EventDate "2010.10.16"]
[EventType "team"]
[EventRounds "11"]
[EventCountry "AUT"]
[WhiteTeam "UNION Styria Graz Kleine Zeitung"]
[BlackTeam "SV Steyregg"]

1.e4 e6 2.d4 d5 3.Nc3 Bb4 4.e5 c5 5.a3 Bxc3+ 6.bxc3 Ne7 7.h4 Nbc6 8.Nf3 Qa5
9.Bd2 cxd4 10.cxd4 Qa4 11.Bd3 Nxd4 12.Kf1 Nec6 13.h5 Nf5 14.Rh3 Qg4 15.Rb1 f6
16.Qe1 O-O 17.Bc3 fxe5 18.Nxe5 Qg5 19.Kg1 d4 20.Bd2 Qf6 21.Ng4 Qd8 22.Qe4 Qd5
23.Qe2 Nd6 24.Rg3 e5 25.Rb5 Bxg4 26.Rxg4 Qe6 27.Rxb7 Ne7 28.Rg5 e4 29.Bb4 Rf7
30.Bxd6 Qxd6 31.Bxe4 Raf8 32.Rxe7 Rxf2 33.Rgxg7+ Kh8 34.Rxh7+ Kg8 1-0

[Event "2. Bundesliga Mitte 2010/11"]
[Site "Sauwald"]
[Date "2010.11.28"]
[Round "5"]
[Board "5"]
[White "Kubinger, Thomas"]
[Black "Schriebl, Alexander"]
[Result "1-0"]
[WhiteElo "2227"]
[BlackElo "2072"]
[PlyCount "41"]
[EventDate "2010.10.16"]
[EventType "team"]
[EventRounds "11"]
[EventCountry "AUT"]
[WhiteTeam "SV Steyregg"]
[BlackTeam "UNION Styria Graz Kleine Zeitung"]

1.d4 f5 2.Nc3 g6 3.e4 fxe4 4.Nxe4 d5 5.Ng3 Bg7 6.Nf3 Nf6 7.c3 Qd6 8.Ne5 c5
9.Bb5+ Kf8 10.O-O Nc6 11.Bxc6 bxc6 12.Bf4 Qe6 13.Re1 Ne4 14.Nxe4 dxe4 15.Rxe4
Qf5 16.Re3 Bf6 17.Bh6+ Ke8 18.Nxc6 Bb7 19.Nxe7 Bxe7 20.Qe2 Qf6 21.Re1 1-0

[Event "2. Bundesliga Mitte 2010/11"]
[Site "Sauwald"]
[Date "2010.11.28"]
[Round "5"]
[Board "6"]
[White "Penz, Florian"]
[Black "Wiesinger, Robert"]
[Result "0-1"]
[WhiteElo "1599"]
[BlackElo "2232"]
[PlyCount "120"]
[EventDate "2010.10.16"]
[EventType "team"]
[EventRounds "11"]
[EventCountry "AUT"]
[WhiteTeam "UNION Styria Graz Kleine Zeitung"]
[BlackTeam "SV Steyregg"]

1.d4 d5 2.c4 dxc4 3.e4 Nc6 4.Be3 Nf6 5.Nc3 e5 6.d5 Ne7 7.Bxc4 a6 8.a4 Ng6 9.Nf3
Bd6 10.O-O O-O 11.h3 Nh5 12.Qd2 Nhf4 13.Ne2 Nh4 14.Nxh4 Qxh4 15.Bxf4 exf4 16.Nd4
Qh5 17.Qe2 Qg6 18.Kh1 Re8 19.Bd3 Qh6 20.Qf3 Be5 21.Nf5 Qg5 22.Qg4 Qxg4 23.hxg4
g6 24.Nh4 Bxg4 25.Nf3 Bg7 26.Rac1 Rac8 27.b4 Red8 28.b5 axb5 29.Bxb5 f5 30.exf5
Bxf5 31.Ng5 Bf6 32.Ne6 Rxd5 33.Nxc7 Rd2 34.Ne8 Bd4 35.Rxc8 Bxc8 36.Nd6 Be6
37.Nxb7 Bd5 38.Nd6 f3 39.g3 Bxf2 40.Bc4 Bxc4 41.Nxc4 Rc2 42.Na3 Ra2 43.a5 g5
44.g4 h5 45.a6 hxg4 46.Rxf2 Rxa3 47.Kh2 Rxa6 48.Kg3 Ra4 49.Rc2 Kg7 50.Rc6 Rf4
51.Rc2 Kg6 52.Ra2 f2 53.Rxf2 Rxf2 54.Kxf2 Kf6 55.Kg2 Ke5 56.Kg3 Kf5 57.Kg2 Kf4
58.Kf2 g3+ 59.Kg2 Kg4 60.Kg1 Kh3 0-1

[Event "2. Bundesliga Mitte 2010/11"]
[Site "Feffernitz"]
[Date "2011.03.11"]
[Round "6"]
[Board "1"]
[White "Kozul, Zdenko"]
[Black "Horvath, Jozsef"]
[Result "1-0"]
[WhiteElo "2604"]
[BlackElo "2560"]
[PlyCount "117"]
[EventDate "2010.10.16"]
[EventType "team"]
[EventRounds "11"]
[EventCountry "AUT"]
[WhiteTeam "ZH-Technologies-Wolfsberg"]
[BlackTeam "SC Die Klagenfurter"]

1.d4 d5 2.c4 dxc4 3.Nf3 a6 4.e3 b5 5.a4 Bb7 6.b3 e6 7.bxc4 bxc4 8.Bxc4 Nf6 9.O-O
c5 10.Be2 Nbd7 11.Nbd2 Be7 12.Nc4 Ne4 13.Bb2 O-O 14.Nfe5 Rb8 15.Nxd7 Qxd7 16.f3
Nf6 17.a5 Rfd8 18.Nb6 Qc7 19.Qc1 Bd6 20.f4 Nd5 21.Nc4 Rbc8 22.Nxd6 Qxd6 23.Ba3
Qc6 24.Bf3 cxd4 25.exd4 Qd7 26.Bc5 Ne7 27.Bxb7 Qxb7 28.Qb1 Qd7 29.Bb6 Re8 30.Qd3
Nd5 31.Qxa6 Rc6 32.Kh1 Rb8 33.Qa7 Rb7 34.Qa8+ Rc8 35.Qa6 Qc6 36.Rab1 h6 37.Qb5
Qc2 38.Qb3 Qe4 39.Qf3 Qf5 40.Rbc1 Rxc1 41.Rxc1 Rb8 42.g4 Qg6 43.f5 Qg5 44.Rb1
Kh8 45.Qg3 Ra8 46.fxe6 fxe6 47.Rf1 Nxb6 48.axb6 Qb5 49.Qf3 Rb8 50.g5 hxg5
51.Qh3+ Kg8 52.Qxe6+ Kh7 53.Qe4+ Kh6 54.Rb1 Qd7 55.b7 Re8 56.Qf3 g4 57.Qf4+ g5
58.Qf6+ Kh5 59.b8=Q 1-0

[Event "2. Bundesliga Mitte 2010/11"]
[Site "Feffernitz"]
[Date "2011.03.11"]
[Round "6"]
[Board "2"]
[White "Pilaj, Herwig"]
[Black "Stevic, Hrvoje"]
[Result "0-1"]
[WhiteElo "2349"]
[BlackElo "2607"]
[PlyCount "82"]
[EventDate "2010.10.16"]
[EventType "team"]
[EventRounds "11"]
[EventCountry "AUT"]
[WhiteTeam "SC Die Klagenfurter"]
[BlackTeam "ZH-Technologies-Wolfsberg"]

1.d4 Nf6 2.c4 c5 3.d5 e5 4.Nc3 d6 5.e4 Nbd7 6.Be2 Be7 7.Nf3 O-O 8.O-O a6 9.a3
Nh5 10.Ne1 Nf4 11.Bxf4 exf4 12.Nd3 Bg5 13.Bg4 Re8 14.Bxd7 Bxd7 15.e5 Bf5 16.Re1
dxe5 17.Nxc5 Rc8 18.N3e4 Bxe4 19.Nxe4 Rxc4 20.Qb3 b5 21.a4 Be7 22.axb5 Rb4
23.Qa2 axb5 24.Rad1 Qa8 25.Qxa8 Rxa8 26.d6 Bd8 27.Nc5 f6 28.Ra1 Rc8 29.Ne6 Kf7
30.d7 Rb8 31.Ra6 Ke7 32.Rd1 Ra4 33.Rc6 Rc4 34.Nc5 Rb6 35.Rc8 Rd6 36.Ra1 Rxd7
37.b3 Rc2 38.g3 fxg3 39.hxg3 Rc7 40.Rxc7+ Bxc7 41.b4 Bb6 0-1

[Event "2. Bundesliga Mitte 2010/11"]
[Site "Feffernitz"]
[Date "2011.03.11"]
[Round "6"]
[Board "3"]
[White "Steflitsch, Erich"]
[Black "Genser, Harald"]
[Result "1/2-1/2"]
[WhiteElo "2367"]
[BlackElo "2281"]
[PlyCount "79"]
[EventDate "2010.10.16"]
[EventType "team"]
[EventRounds "11"]
[EventCountry "AUT"]
[WhiteTeam "ZH-Technologies-Wolfsberg"]
[BlackTeam "SC Die Klagenfurter"]

1.d4 Nf6 2.c4 e6 3.Nf3 d5 4.Nc3 Be7 5.Bg5 h6 6.Bxf6 Bxf6 7.Qb3 c6 8.O-O-O Nd7
9.e4 dxe4 10.Nxe4 Be7 11.Qe3 Nf6 12.Bd3 Qc7 13.Kb1 Bd7 14.Ne5 Nxe4 15.Qxe4 Bf6
16.f4 Rf8 17.Nxd7 Qxd7 18.d5 O-O-O 19.dxc6 Qxc6 20.Qxc6+ bxc6 21.Be4 Kc7 22.Kc2
Rxd1 23.Rxd1 Rd8 24.Rxd8 Bxd8 25.c5 Be7 26.b4 a5 27.Kb3 axb4 28.Kxb4 Bd8 29.a4
Kd7 30.a5 Bc7 31.a6 Bb8 32.h4 Ba7 33.g4 f6 34.Kc4 Kc7 35.Bg6 Kd7 36.Bc2 Ke7
37.h5 Kd7 38.Ba4 Kc7 39.Kd4 Kd7 40.Bb3 1/2-1/2

[Event "2. Bundesliga Mitte 2010/11"]
[Site "Feffernitz"]
[Date "2011.03.11"]
[Round "6"]
[Board "4"]
[White "Petschar, Kurt"]
[Black "Wegerer, Fred"]
[Result "0-1"]
[WhiteElo "2304"]
[BlackElo "2218"]
[PlyCount "116"]
[EventDate "2010.10.16"]
[EventType "team"]
[EventRounds "11"]
[EventCountry "AUT"]
[WhiteTeam "SC Die Klagenfurter"]
[BlackTeam "ZH-Technologies-Wolfsberg"]

1.e4 c6 2.c4 e5 3.Nf3 d6 4.d4 Bg4 5.d5 Nf6 6.Nc3 Be7 7.Be2 Na6 8.O-O O-O 9.Ne1
Bxe2 10.Qxe2 cxd5 11.cxd5 Nc5 12.Nd3 Nxd3 13.Qxd3 a6 14.Bd2 Nd7 15.Rac1 Bg5
16.Rc2 Bxd2 17.Qxd2 Rc8 18.Rfc1 Rc4 19.b3 Rd4 20.Qe3 Nc5 21.Rd2 Rxd2 22.Qxd2 Qa5
23.Nb1 Qd8 24.Qe3 a5 25.Nd2 b5 26.a3 Qa8 27.b4 axb4 28.axb4 Na4 29.Rc6 Nb2 30.g3
Qa1+ 31.Kg2 Qa4 32.Qc3 Qa2 33.Rxd6 Na4 34.Qd3 h6 35.Rc6 Nb2 36.Qc2 f5 37.Rc3
fxe4 38.Rb3 Rxf2+ 39.Kh3 Qa7 40.Qc8+ Kh7 41.Nxe4 Nc4 42.Qe6 Rf8 43.Qg4 Qf7
44.Qe2 Qxd5 45.Rd3 Qf7 46.Kg2 Kh8 47.h4 Qb7 48.Kh3 Qf7 49.Kg2 Qa7 50.Nc5 Qa8+
51.Kh2 Qa1 52.Ne6 Ra8 53.Qf3 e4 54.Qxe4 Ne5 55.Rd2 Ra2 56.Re2 Qf1 57.Nd4 Ra1
58.Rg2 Qh1# 0-1

[Event "2. Bundesliga Mitte 2010/11"]
[Site "Feffernitz"]
[Date "2011.03.11"]
[Round "6"]
[Board "5"]
[White "Waldmann, Gerald"]
[Black "Titz, Heimo"]
[Result "1/2-1/2"]
[WhiteElo "2212"]
[BlackElo "2225"]
[PlyCount "109"]
[EventDate "2010.10.16"]
[EventType "team"]
[EventRounds "11"]
[EventCountry "AUT"]
[WhiteTeam "ZH-Technologies-Wolfsberg"]
[BlackTeam "SC Die Klagenfurter"]

1.e4 c5 2.Nf3 e6 3.d4 cxd4 4.Nxd4 a6 5.Nc3 Qc7 6.Bd3 Nf6 7.O-O d6 8.Kh1 Nbd7
9.a4 b6 10.f4 Bb7 11.Qe2 Be7 12.Bd2 O-O 13.Rae1 Nc5 14.Rf3 Nxd3 15.cxd3 Rfe8
16.Rg3 g6 17.f5 Bf8 18.Rf1 Bg7 19.fxg6 fxg6 20.Rgf3 e5 21.Nc2 Rf8 22.Bg5 Nh5
23.Nb4 Nf4 24.Bxf4 exf4 25.Nbd5 Bxd5 26.Nxd5 Qc5 27.b4 Qd4 28.Rxf4 Rxf4 29.Rxf4
Rf8 30.Rxf8+ Bxf8 31.Qf1 a5 32.bxa5 bxa5 33.Qd1 Bg7 34.Nf4 Qb4 35.g3 Be5 36.Kg2
Bxf4 37.gxf4 Qd4 38.Qb3+ Kg7 39.Kf3 h5 40.Qc4 Qg1 41.Qc7+ Kh6 42.Qxd6 Qf1+
43.Ke3 Qg1+ 44.Kf3 Qf1+ 45.Ke3 Qg1+ 46.Kd2 Qxh2+ 47.Kc3 Qg3 48.Qf6 Qe1+ 49.Kc2
Qe2+ 50.Kc3 Qe1+ 51.Kc2 Qe2+ 52.Kc1 Qe1+ 53.Kc2 Qe2+ 54.Kc3 Qe1+ 55.Kc2 1/2-1/2

[Event "2. Bundesliga Mitte 2010/11"]
[Site "Feffernitz"]
[Date "2011.03.11"]
[Round "6"]
[Board "6"]
[White "Wertjanz, David"]
[Black "Toefferl, Heimo"]
[Result "1-0"]
[WhiteElo "2209"]
[BlackElo "2126"]
[PlyCount "117"]
[EventDate "2010.10.16"]
[EventType "team"]
[EventRounds "11"]
[EventCountry "AUT"]
[WhiteTeam "SC Die Klagenfurter"]
[BlackTeam "ZH-Technologies-Wolfsberg"]

1.e4 e6 2.d4 d5 3.Nd2 Nc6 4.Ngf3 Nf6 5.e5 Nd7 6.Be2 f6 7.exf6 Qxf6 8.Nf1 Bd6
9.Ne3 O-O 10.O-O Ne7 11.c4 c6 12.c5 Bc7 13.Bd3 h6 14.Ng4 Qf7 15.Qe2 Nf5 16.Re1
Nf6 17.Nge5 Qh5 18.h3 Ne7 19.Qc2 Ne4 20.Bxe4 dxe4 21.Qxe4 Qf5 22.Bd2 Bxe5
23.Qxf5 Nxf5 24.Rxe5 Bd7 25.Bc3 Rf6 26.Rae1 Raf8 27.R5e2 Ne7 28.d5 Nxd5 29.Bxf6
gxf6 30.Nd2 e5 31.Nc4 Rf7 32.Kh2 Rg7 33.g3 Be6 34.b3 Nb4 35.Rd2 Bd5 36.Ne3 e4
37.Nxd5 cxd5 38.f3 Nd3 39.Re3 f5 40.Rexd3 exd3 41.Rxd3 Rd7 42.Rd4 Kf7 43.Kg2 Ke6
44.Kf2 b6 45.cxb6 axb6 46.Rb4 Rd6 47.Ke3 Kd7 48.Rf4 Rg6 49.Rxf5 Rxg3 50.Rxd5+
Kc6 51.Rh5 Rg2 52.Rxh6+ Kb5 53.a4+ Ka6 54.b4 Rb2 55.a5 Rb3+ 56.Kf2 Rxb4 57.Rxb6+
Rxb6 58.axb6 Kxb6 59.h4 1-0